| 000 | 01763cam a2200373 i 4500 | ||
|---|---|---|---|
| 001 | 19475376 | ||
| 003 | OSt | ||
| 005 | 20251211134627.0 | ||
| 008 | 170201s2017 ilu b 001 0 eng | ||
| 010 | _a 2016054948 | ||
| 020 |
_a9781433556494 _qhc |
||
| 035 | _a19475376 | ||
| 040 |
_aDLC _beng _cDLC _erda _dDLC |
||
| 042 | _apcc | ||
| 050 | 0 | 0 |
_aBT780 _b.L39 2017 |
| 082 | 0 | 0 |
_a248.2/4 _223 |
| 100 | 1 |
_aLawrence, Michael, _d1966- _eauthor. |
|
| 245 | 1 | 0 |
_aConversion : _bhow God creates a people / _cMichael Lawrence. |
| 264 | 1 |
_aWheaton, Illinois : _bCrossway, _c[2017] |
|
| 300 |
_a137 pages ; _c19 cm |
||
| 336 |
_atext _btxt _2rdacontent |
||
| 337 |
_aunmediated _bn _2rdamedia |
||
| 338 |
_avolume _bnc _2rdacarrier |
||
| 490 | 0 | _a9Marks: building healthy churches | |
| 504 | _aIncludes bibliographical references (pages 129-130) and indexes. | ||
| 505 | 0 | _aNew, not nice: the necessity of regeneration -- Saved, not sincere: God's work, not ours -- Disciples, not decisions: the character of our response -- Holy, not healed: implications for the Christian life -- Distinct, not designed: implications for the corporate life of the church -- Summon, don't sell: implications for our evangelism -- Assess before you assure: implications for ministry -- Be charitable, not chary: the danger of an overly pure church. | |
| 650 | 0 |
_aConversion _xChristianity. |
|
| 650 | 0 | _aDiscipling (Christianity) | |
| 650 | 0 | _aChurch. | |
| 776 | 0 | 8 |
_iOnline version: _aLawrence, Michael, 1966- author. _tConversion _dWheaton : Crossway, 2017 _z9781433556500 _w(DLC) 2017017632 |
| 906 |
_a7 _bcbc _corignew _d1 _eecip _f20 _gy-gencatlg |
||
| 942 |
_2lcc _cBK |
||
| 999 |
_c21032 _d21031 |
||